La reforma latinoamericana /

Guardat en:
Dades bibliogràfiques
Autor principal: Rodés, Francisco
Format: Text
Etiquetes: Afegir etiqueta
Sense etiquetes, Sigues el primer a etiquetar aquest registre!

MARC

LEADER 00000 a a2200000 04500
001 45861
003
040
100 |a Rodés, Francisco  
245 |a La reforma latinoamericana /  |c Francisco Rodés  
773 |g número65 ( , 2012), páginas 63-68  
999 |c 31126  |d 31126